| 000 | 00622nam a2200193 u 4500 | ||
|---|---|---|---|
| 001 | 000020299 | ||
| 005 | 20250612105738.0 | ||
| 008 | 100813s1966 ag 000 0 spa d | ||
| 040 |
_aDO-SdBNP _bspa _cBNPHU |
||
| 082 |
_a940.53 _bB187u |
||
| 100 | 1 |
_aBall, Adrian _942939 |
|
| 240 | 1 | 3 | _aThe Last day of the old World |
| 245 | 1 | 0 |
_aEl último día del viejo mundo / _cAdrian Ball ; traducción de Luis Buelta. |
| 260 |
_bPlaza & Janés, _c1966. |
||
| 300 |
_a335 p. : _bil. ; _c22 cm. |
||
| 500 | _aNotas al pie de las páginas | ||
| 650 | 0 |
_a Guerra Mundial, 1939-1945 _913822 |
|
| 700 | 1 | 2 |
_aBuelta, Luis _etraductor _942940 |
| 999 |
_c19803 _d19803 |
||